| 000 | 01156nam a2200265Ia 4500 | ||
|---|---|---|---|
| 999 |
_c35717 _d35717 |
||
| 001 | 1590 | ||
| 003 | GE_BSU | ||
| 005 | 20221205104950.0 | ||
| 008 | 181216s2007||||ge |||||||||||||| ||geo|| | ||
| 020 | _a97899994095278 | ||
| 040 | _cGE_BSU | ||
| 041 | _ageo | ||
| 080 | _a624.014(072) მ-53 | ||
| 100 |
_aმელაშვილი, ი. _916336 |
||
| 245 |
_aლაბორატორიული სამუშაოები ლითონის კონსტრუქციებში / _cი. მელაშვილი, თ. მელქაძე, ო. ტყეშელაშვილი ; სტუ. |
||
| 264 |
_aთბილისი : _bტექნ. უნ-ტი, _c2007. |
||
| 300 |
_a19 გვ.; _b28 სმ. |
||
| 504 | _aბიბლიოგრ.: გვ. 20. | ||
| 541 | _h3 ლ. | ||
| 653 | _aლითონის კონსტრუქციები | ||
| 653 | _aმეთოდური სახელმძღვანელო | ||
| 700 |
_aმელქაძე, თ. _eავტორი _916337 |
||
| 700 |
_aტყეშელაშვილი, ო. _e ავტორი _916338 |
||
| 942 |
_cBK _2udc |
||